000 00384pab a2200157 454500
008 180718b2005 xxu||||| |||| 00| 0 eng d
100 _aGalicki, Zdzislaw
245 _aInternational law and terrorism
260 _c2005
300 _ap.743-57.
362 _aFeb
650 _aInternational law
650 _aTerrorism
773 _aAmerican Behavioral Scientist
909 _a64021
999 _c64021
_d64021